000 00857nam a2200229Ii 4500
003 JO-AjNU
008 230605s9999||||xx |||||||||||||| ||und||
017 _a2005/7279
040 _aJO-AjNU
_bara
_erda
_cJO-AjNU
041 _aara
050 1 4 _aHD58.9.S34.2008
100 3 _aالسالم،مؤيد سعيد ,
_eauthor
_932857
245 0 0 _aمنظمات التعلم=LEARNING ORGANIZATIONS
250 _aط2
264 3 1 _aالقاهرة:المنظمة العربية للتنمية الادارية،2008
300 _a233ص
336 _atext
_btxt
_2rdacontent
337 _aunmediated
_bn
_2rdamedia
338 _avolume
_bnc
_2rdacarrier
490 0 _aمطبوعات المنظمة العربية للتنمية الإدارية. بحوث ودراسات ؛ 406
650 4 _aالتعلم التنظيمي-الادارة التنظيمية
_932858
999 _aA13312
_c16880
_d16880